000 00346nam a2200133Ia 4500
003 GCL
008 140319s9999 xx 000 0 ara d
040 _aGCL /
_cGCL
082 0 4 _a270
_bع ص
245 1 0 _aالصليب والابن الضال
260 _a[S.N] :
_bدار الثقافة المسيحية ،
_c1986
300 _a75 ص
490 _a
999 _c30088
_d30088